书目信息 |
| 题名: |
官运亨通
|
|
| 作者: | 程凌征 著 | |
| 分册: | ||
| 出版信息: | 呼和浩特 内蒙古人民出版社 2003.04 |
|
| 页数: | 339页 | |
| 开本: | 21cm | |
| 丛书名: | 程凌征长篇小说原创平台 | |
| 单 册: | ||
| 中图分类: | I247.57 | |
| 科图分类: | ||
| 主题词: | 长篇小说--chang pian xiao shuo--中国--现代 | |
| 电子资源: | ||
| ISBN: | 7-204-05545-4 | |
| 000 | 00961nam 2200253 450 | |
| 001 | 012008928407 | |
| 005 | 20080322155043.75 | |
| 010 | @a7-204-05545-4@dCNY29.00 | |
| 100 | @a20080322d2003 km y0chiy0121 ea | |
| 101 | 0 | @achi |
| 102 | @aCN@b150000 | |
| 105 | @ay z 000ay | |
| 106 | @ar | |
| 200 | 1 | @a官运亨通@Aguan yun heng tong@f程凌征著 |
| 210 | @a呼和浩特@c内蒙古人民出版社@d2003.04 | |
| 215 | @a339页@d21cm | |
| 225 | 2 | @a程凌征长篇小说原创平台@Acheng ling zheng chang pian xiao shuo yuan chuang ping tai@v1 |
| 330 | @a市府办主任倪笑我割腕自杀,猛然间炸开了海天市似乎风平浪静的官场,紧接着纪委书记章乃夫奉命调查老上级的秘书行贿案。总经理装疯,县长被双规,市委副书记跳楼自杀……,案中有案,纵横交错。 | |
| 410 | 0 | @12001 @a程凌征长篇小说原创平台 |
| 606 | 0 | @a长篇小说@Achang pian xiao shuo@y中国@z现代 |
| 690 | @aI247.57@v4 | |
| 701 | 0 | @a程凌征@Acheng ling zheng@4著 |
| 801 | 0 | @aCN@bHYXY@c20080322 |
| 905 | @b20290027-30@dI247.57@eC759@f4 | |
| 官运亨通/程凌征著.-呼和浩特:内蒙古人民出版社,2003.04 |
| 339页;21cm.-(程凌征长篇小说原创平台;1) |
| ISBN 7-204-05545-4:CNY29.00 |
| 市府办主任倪笑我割腕自杀,猛然间炸开了海天市似乎风平浪静的官场,紧接着纪委书记章乃夫奉命调查老上级的秘书行贿案。总经理装疯,县长被双规,市委副书记跳楼自杀……,案中有案,纵横交错。 |
| ● |
| 相关链接 |
|
|
|
正题名:官运亨通
索取号:I247.57/C759
 
预约/预借
| 序号 | 登录号 | 条形码 | 馆藏地/架位号 | 状态 | 备注 |
| 1 | 290027 | 202900272 | 社科二线400B/400B社科库 17排3列1层/ [索取号:I247.57/C759] | 在馆 | |
| 2 | 290028 | 202900281 | 社科二线422/422社科库 50排5列2层/ [索取号:I247.57/C759] | 在馆 | |
| 3 | 290029 | 202900290 | 社科二线400B/108文学库 34排1列4层/ [索取号:I247.57/C759] | 在馆 | |
| 4 | 290030 | 202900307 | 社科二线400B/400B社科库 17排3列1层/ [索取号:I247.57/C759] | 在馆 |